000 00638nam a2200217 a 4500
001 000026616
005 20240530073919.0
008 110324s2004 dr 000 f spa d
020 _a9993401374
040 _aDO-SdBNP
_bspa
_cBNPHU
082 _aRD863.44
_bS787eq, 2004
100 1 _aStanley, Avelino,
_d1959-
_91536
245 1 0 _aEquis /
_cAvelino Stanley.
250 _a6a. ed.
260 _aSanto Domingo :
_bCocolo Editorial,
_c2004.
300 _a99 p. ;
_c21 cm.
590 _aInventariado, 2019/VM
650 0 _aNovela dominicana
_9223
650 0 _aLiteratura dominicana.
_967
910 _aValidado. Control de calidad MMOLINA
999 _c26108
_d26108